| 000 | 00400nam a22001577a 4500 | ||
|---|---|---|---|
| 003 | OSt | ||
| 005 | 20231221092220.0 | ||
| 008 | 231221b |||||||| |||| 00| 0 eng d | ||
| 020 | _a81-7808-379-5 | ||
| 040 | _cIIMT UNIVERSITY | ||
| 100 | _aFINAR, I.L. | ||
| 245 | _aPROBLEMS AND THEIR SOLUTION IN ORGANIC CHEMISTRUY | ||
| 260 |
_aNEW DELHI _bPEARSON INDIA _c2005 |
||
| 300 | _a359 | ||
| 942 |
_2ddc _c09 |
||
| 999 |
_c57855 _d57855 |
||